Movies Quiz

Random Movies or Anime Quiz

Hayao Miyazaki Films by Poster Quiz Stats

 Plays Quiz Updated Mar 30, 2016

Challenge
Share
Tweet
Score 0/11 Timer 06:00
1 Play Today
% Correct
Spirited Away
91.2%
My Neighbor Totoro
90.8%
Howl's Moving Castle
83.6%
Princess Mononoke
80.4%
Ponyo
79.2%
Kiki's Delivery Service
73.7%
Porco Rosso
54.3%
Castle in the Sky
53.6%
The Wind Rises
47.7%
NausicaƤ of the Valley of the Wind
43.7%
The Castle of Cagliostro
25.6%

You're not logged in!

Compare scores with friends on all Sporcle quizzes.
OR
Log In

You Might Also Like...

Show Comments

Extras

Top Quizzes Today


Score Distribution

Your Account Isn't Verified!

In order to create a playlist on Sporcle, you need to verify the email address you used during registration. Go to your Sporcle Settings to finish the process.

Report this User

Report this user for behavior that violates our Community Guidelines.

Details: